Normal view
MARC view
Entry Personal Name
001 - CONTROL NUMBER
- control field: 54265
003 - CONTROL NUMBER IDENTIFIER
- control field: OSt
005 - DATE AND TIME OF LATEST TRANSACTION
- control field: 20160427120225.0
008 - FIXED-LENGTH DATA ELEMENTS
- fixed length control field: 160427|| aca||aabn | a|a d
040 ## - CATALOGING SOURCE
- Original cataloging agency: OSt
- Transcribing agency: OSt
100 ## - HEADING--PERSONAL NAME
- Personal name: म्ाुळे गुणाकर
670 ## - SOURCE DATA FOUND
- Source citation: Work cat.: (OSt)10931: म्ाुळे गुणाकर , इतिहास, संस्कृति और सांप्रदायिकता , 2006









